00288nam a2200121Ia 4500008004100000041000900041082001500050100001700065245003600082260003200118300000800150650000800158230718s9999 xx 000 0 und d aEng. a341bVOS-F aVos,Jan Anne 0aFunction of public Internal Law aPakistanbAsser pressc2013 a304 aLaw